Statistics for 0601-山形鉄道の駅

Click here to take the quiz!

General Stats

  • This quiz has been taken 22 times
  • The average score is 11 of 17

Answer Stats

フラワー長井線% Correct
赤湯
100%
長井
94%
今泉
88%
荒砥
88%
南陽市役所
81%
羽前成田
75%
おりはた
69%
白兎
69%
あやめ公園
63%
南長井
63%
梨郷
56%
宮内
56%
時庭
50%
四季の郷
50%
西大塚
44%
蚕桑
44%
鮎貝
44%

Score Distribution

Percentile by Number Answered

Percent of People with Each Score

Your Score History

You have not taken this quiz